00622nam a22001937a 450000500170000000800410001704000270005804100080008504400070009310000190010024500430011926001000016230000440026265000360030665000330034265000160037565000160039170000210040720200104041759.0170904b2016ck xxu||||| |||| 00| 0 spa d aCO-BoIAVH cCO-BoIAVH  aspa ack aMendoza, Julia1 aComplejo de páramos Iguaque- Merchan aBogotá:bInstituto de Investigación de Recursos Biológicos Alexander von Humboldt,c2016. aPlegablebilustraciones, figuras, mapas14aDistrito de páramoszBoyacá14aRecurso hidricozPoblación14aAgricultura14aPoblación aBuitrago, Camilo